00894 a2200157 45000010006000000050017000060080041000230030015000640400040000790800040001192450036001592640038001953000018002335050455002511000030007063012820260407155612.0260407a1979 arg spa dAR-UNSa-BCEJYS aAR-UNSa-BCEJYSbspacAR-UNSa-BCEJYS a657.474xTratamiento de los costos 10aCostos básicos terminología 1aBuenos Aires :bA-Z Editorac1979 a98 p.c23 cm. a1. Noción de costos y áreas contables - 2. Concepto de costo - 3. Costos históricos y futuros - 4. Costos directos e indirectos - 5. Elementos del costo - 6. Concepto del costo en el proceso decisorio - 7. Conceptos diveross del costo - 8. Comportamiento de los costos - 9. Costo departamental. Costo divisional.Centro de costos - 10. La naturaleza de los costos - 11. Costos contables y costos económicos - 12. Clasificación de los costos.1 aLópez Couceiro, Edmundo